Larger Than Canada Quiz Stats

 Plays Quiz Updated Jun 6, 2017

Support Sporcle.
Go Orange.
Score 0/18 Timer 03:00
1 Play Today
% Correct
United States
94.4%
Russia
90.4%
China
90.1%
United Kingdom
90%
South America
89%
Germany
88.7%
France
86%
California
75.6%
South Africa
74.2%
% Correct
Spain
73.9%
Democratic Republic of the Congo
68.7%
Iran
64%
Colombia
56.5%
Poland
49.7%
Ukraine
49.6%
Sudan
42.2%
Sumatra
25.5%
Luzon
17.2%

You're not logged in!

Compare scores with friends on all Sporcle quizzes.
OR
Log In
Forgot?

From the Vault

Anything but Germany

by SpicyMcHaggis

Germany is taking a back seat on this quiz.
Remove Ads.
Support Sporcle.
Get the best of Sporcle when you Go Orange. This ad-free experience offers more features, more stats, and more fun while also helping to support Sporcle. Thank you for becoming a member.

Show Comments

Extras

Top Quizzes Today


Score Distribution

Your Account Isn't Verified!

In order to create a playlist on Sporcle, you need to verify the email address you used during registration. Go to your Sporcle Settings to finish the process.

Report this User

Report this user for behavior that violates our Community Guidelines.

Details: